000
00293nam a22001337a 4500
008
180926b xxu||||| |||| 00| 0 eng d
020
_a
9780139695698
041
_a
eng
080
_2
3 ED
_a
370
100
_a
48
101
_a
EDU
245
_a
The writers Work
_c
,frank.o
942
_2
udc
_c
BK
999
_c
48467
_d
48467